000 00764nam a2200253 i 4500
001 bg
100 1 _aKuziak, Michał.
245 1 0 _aWielka całość :
_bdyskursy kulturowe Mickiewicza /
_cMichał Kuziak ; Akademia Pomorska w Słupsku.
260 _aSłupsk :
_bWydawnictwo Naukowe Akademii Pomorskiej,
_c2006.
300 _a352 s. ;
_c25 cm.
504 _aIndeksy.
546 _aStreszcz. ang.
600 1 9 _aMickiewicz, Adam
_d(1798-1855)
650 9 _aKultura
_xteoria
_xhistoria
650 9 _aLiteratura polska
_xhistoria
_y19 w.
020 _a8374671262
040 _cBPK
041 0 _apol
_beng
044 _aPOL
080 _a821.162.1(091)""18"A/Z:94::008
920 _a83-7467-126-2
942 _cKS
008 090625s2006 pl a f |000 0 pol
999 _c56325
_d56325
856 _uhttp://koha.tu.koszalin.pl/cgi-bin/koha/opac-detail.pl?biblionumber=56325
_yKatalog online BPK